<?xml version='1.0' encoding='UTF-8'?>
  <record xmlns="http://www.loc.gov/MARC21/slim">
    <leader>00000cam a22000007i 4500</leader>
    <controlfield tag="001">ocn900901090</controlfield>
    <controlfield tag="003">OCoLC</controlfield>
    <controlfield tag="005">20240318043658.5</controlfield>
    <controlfield tag="008">150127s1564    sz a          001 0 lat d</controlfield>
    <datafield tag="040" ind1=" " ind2=" ">
      <subfield code="a">NLGGC</subfield>
      <subfield code="b">eng</subfield>
      <subfield code="e">rda</subfield>
      <subfield code="e">dcrmr</subfield>
      <subfield code="c">NLGGC</subfield>
      <subfield code="d">OCLCO</subfield>
      <subfield code="d">OCLCL</subfield>
      <subfield code="d">QGJ</subfield>
      <subfield code="d">OCLCO</subfield>
      <subfield code="d">QGJ</subfield>
    </datafield>
    <datafield tag="066" ind1=" " ind2=" ">
      <subfield code="c">(S</subfield>
    </datafield>
    <datafield tag="029" ind1="0" ind2=" ">
      <subfield code="a">NLGGC</subfield>
      <subfield code="b">388060204</subfield>
    </datafield>
    <datafield tag="035" ind1=" " ind2=" ">
      <subfield code="a">(OCoLC)900901090</subfield>
    </datafield>
    <datafield tag="100" ind1="1" ind2=" ">
      <subfield code="a">Cardano, Girolamo,</subfield>
      <subfield code="d">1501-1576,</subfield>
      <subfield code="e">author.</subfield>
      <subfield code="4">aut</subfield>
      <subfield code="1">https://id.oclc.org/worldcat/entity/E39PBJh8MMggDwbffmbkXkjcT3</subfield>
    </datafield>
    <datafield tag="240" ind1="1" ind2="0">
      <subfield code="a">Ars curandi parva</subfield>
    </datafield>
    <datafield tag="245" ind1="1" ind2="0">
      <subfield code="a">Hieronymi Cardani Mediolanensis ciuisqúe Bononiensis, Ars Curandi Parua, quae est absolutiss. medendi methodus, &amp; alia, nunc primúm aedita, opera, in duos Tomos diuisa, qae uersa pagina indicabit, omnia autem qualia sint autoris Epistola ueré paedicat.</subfield>
    </datafield>
    <datafield tag="246" ind1="3" ind2=" ">
      <subfield code="a">Hieronymi Cardani Mediolanensis civisqúe Bononiensis, Ars Cvrandi Parva, quæ est absolutiss. medendi methodus, &amp; alia, nunc primúm aedita, opera, in duos Tomos diuisa, qae uersa pagina indicabit, omnia autem qualia sint autoris Epistola ueré paedicat.</subfield>
    </datafield>
    <datafield tag="246" ind1="3" ind2=" ">
      <subfield code="a">Ars curandi parva, quae est absolutiss. medendi methodus, et alia, nunc primum aedita opera</subfield>
    </datafield>
    <datafield tag="264" ind1=" " ind2="1">
      <subfield code="a">Basileae, :</subfield>
      <subfield code="b">ex officina Henricpetrina.,</subfield>
      <subfield code="c">M.D. LXVI [1566]</subfield>
    </datafield>
    <datafield tag="300" ind1=" " ind2=" ">
      <subfield code="a">2 volumes ([48] leaves, 720 pages ; [1] leaf, pages 1003-1621) ;</subfield>
      <subfield code="b">illustrations (woodcuts) ;</subfield>
      <subfield code="c">17 cm (8vo)</subfield>
    </datafield>
    <datafield tag="336" ind1=" " ind2=" ">
      <subfield code="a">text</subfield>
      <subfield code="b">txt</subfield>
      <subfield code="2">rdacontent</subfield>
    </datafield>
    <datafield tag="337" ind1=" " ind2=" ">
      <subfield code="a">unmediated</subfield>
      <subfield code="b">n</subfield>
      <subfield code="2">rdamedia</subfield>
    </datafield>
    <datafield tag="338" ind1=" " ind2=" ">
      <subfield code="a">volume</subfield>
      <subfield code="b">nc</subfield>
      <subfield code="2">rdacarrier</subfield>
    </datafield>
    <datafield tag="340" ind1=" " ind2=" ">
      <subfield code="m">8vo</subfield>
      <subfield code="2">rdabf</subfield>
    </datafield>
    <datafield tag="500" ind1=" " ind2=" ">
      <subfield code="a">With index.</subfield>
    </datafield>
    <datafield tag="500" ind1=" " ind2=" ">
      <subfield code="a">Errata after index in volume 1.</subfield>
    </datafield>
    <datafield tag="500" ind1=" " ind2=" ">
      <subfield code="a">With woodcut initials and geomatrical shapes (volume 2).</subfield>
    </datafield>
    <datafield tag="500" ind1=" " ind2=" ">
      <subfield code="6">880-01</subfield>
      <subfield code="a">With printer's device on title page on volume 1 and verso of last leaf in volume 2.</subfield>
    </datafield>
    <datafield tag="500" ind1=" " ind2=" ">
      <subfield code="a">Colophon in volume 2 reads: Basilae, ex officina Henric Petrina, mense martio, an. M.D. LXVI.</subfield>
    </datafield>
    <datafield tag="500" ind1=" " ind2=" ">
      <subfield code="a">Year of publication taken from colophon in volume 2.</subfield>
    </datafield>
    <datafield tag="500" ind1=" " ind2=" ">
      <subfield code="a">Pages 721-1000 omitted in numbering.</subfield>
    </datafield>
    <datafield tag="505" ind1="0" ind2="0">
      <subfield code="g">Volume 1.</subfield>
      <subfield code="t">Hieronymi Cardani Mediolanensis, ciuisq[ue] Bononiensis, Medici, Ars Curandi parua. --</subfield>
      <subfield code="t">Consilium pro Reuere[n]dissimo. D. D. Ioanne Archiepiscopo Sancti Andreae Ecclesiae Cathedralis Regni Scotiae, Laborante Difficultate Spirandi. --</subfield>
      <subfield code="t">Consilium pro mercatore mediolanensi de Cassinis, laborante iam bi[n]enio doloribus uentriculi cum alijs dispositionibus ob morbum Gallicum malè curatum, qui eo fanatus est intra quadraginta dies, ut fratribus suis pollicitus eram. Et est Hippocraticum. --</subfield>
      <subfield code="t">Consilium Hieronymi Cardani Mediolanensis Medici pro Magnifico Domino Francisco. Maria ciue Genuensi: pro surditate --</subfield>
      <subfield code="t">Consilium Generarale, pro fluxu sanguinis coercendo. --</subfield>
      <subfield code="t">Hieronymi Cardani Mediolanensis medici Consilium pro Mantuano lepram patiente. --</subfield>
      <subfield code="t">Hieronymi Cardani Mediolanensis medici, Medicinae encomium. --</subfield>
      <subfield code="t">Hieronymi Cardani Mediolanensis ciuisque Bononiensis Medici Podagrae Encomium. --</subfield>
      <subfield code="t">Hieronymi Cardani Medici ad Andream Camutium medicum Apologia.</subfield>
    </datafield>
    <datafield tag="505" ind1="0" ind2="0">
      <subfield code="g">Volume 2.</subfield>
      <subfield code="t">Hieronymi Cardani Mediolanensis ciuisq[ue] Bononiensis, Medici, Dialectica. --</subfield>
      <subfield code="t">Hieronymi Cardani Mediolanensis ciuisq[ue] Bononiensis, Medici, Hyperchen. --</subfield>
      <subfield code="t">Hieronymi Cardani Mediolanensis ciuisq[ue] Bononiensis, Medici, De Socratis studio. --</subfield>
      <subfield code="t">Hieronymi Cardani Mediolanensis ciuisq[ue] Bononiensis Medici, Antigorgias Dialogus: seu de recta uiuendi ratione. --</subfield>
      <subfield code="t">Hieronymi Cardani Mediolanensis Medici, de Aqua &amp; Aethere ad Ioan. Formentum Reipublicae Venetae Legatum Liber. --</subfield>
      <subfield code="t">Hieronymi Cardani Mediolanensis Medici, de Cyna radice, seu de Decoctis.</subfield>
    </datafield>
    <datafield tag="510" ind1="4" ind2=" ">
      <subfield code="a">Verzeichnis der im deutschen Sprachbereich erschienenen Drucke des 16. Jahrhunderts (VD 16),</subfield>
      <subfield code="c">C 876</subfield>
      <subfield code="u">https://gateway-bayern.de/VD16+C+876</subfield>
    </datafield>
    <datafield tag="510" ind1="4" ind2=" ">
      <subfield code="a">Osler, W. Bibliotheca Osleriana,</subfield>
      <subfield code="c">2234</subfield>
    </datafield>
    <datafield tag="650" ind1=" " ind2="0">
      <subfield code="a">Medicine</subfield>
      <subfield code="v">Early works to 1800.</subfield>
    </datafield>
    <datafield tag="650" ind1=" " ind2="6">
      <subfield code="a">Médecine</subfield>
      <subfield code="v">Ouvrages avant 1800.</subfield>
    </datafield>
    <datafield tag="700" ind1="1" ind2=" ">
      <subfield code="a">Petri, Heinrich,</subfield>
      <subfield code="d">1508-1579,</subfield>
      <subfield code="e">printer.</subfield>
      <subfield code="4">prt</subfield>
    </datafield>
    <datafield tag="700" ind1="1" ind2=" ">
      <subfield code="a">Alciati, Francesco,</subfield>
      <subfield code="d">1522-1580,</subfield>
      <subfield code="e">dedicatee.</subfield>
      <subfield code="4">dte</subfield>
    </datafield>
    <datafield tag="752" ind1=" " ind2=" ">
      <subfield code="a">Switzerland</subfield>
      <subfield code="b">Basel,</subfield>
      <subfield code="e">publication place.</subfield>
      <subfield code="4">pup</subfield>
    </datafield>
    <datafield tag="880" ind1=" " ind2=" ">
      <subfield code="6">500-01/(S</subfield>
      <subfield code="a">Signatures: volume 1: α-ζ⁸ A-Z⁸ Aa-Yy⁸; volume 2: aaa-zzz⁸ AAA-QQQ⁸</subfield>
    </datafield>
  </record>